000 00723nam a2200241Ia 4500
003 OSt
005 20260107124935.0
008 220923b |||||||| |||| 00| 0 eng d
020 _a041519616Z
037 _cGeneral Book
040 _aRTL
_cRTL
_beng
041 _2eng
_aeng
084 _aY:3(S56).5.P, P3
_qRTL
100 _aAldrich Robert
_9132968
245 0 _aColonialism and homosexuality
260 _aLondon
_bRoutledge
_c2003
300 _axii,436 p.
_bIncludes bibliographical references and index.
500 _aBibliography : P 412-426
650 _aHomosexuality
_9862579
650 _aSociology
_9862580
942 _hY:3(S56).5.P, P3
_cGB
_2CC
_n0
999 _c578857
_d578857